Loading...
History - European History | 0 | 4 | 1 | 2 | 35 | 107 | 125.50 | 0 | 4 |
Beliefs | 1 | 3 | 5 | 0 | 20 | 63 | 105.75 | 1 | 4 |
History - American History | 0 | 2 | 0 | 0 | 20 | 65 | 87.50 | 1 | 2 |
History - World History | 0 | 3 | 2 | 2 | 20 | 115 | 125.00 | 0 | 3 |
Philosophy | 1 | 0 | 0 | 0 | 15 | 76 | 76.00 | 1 | 1 |
Fine Arts - Visual Fine Arts | 0 | 2 | 2 | 1 | 10 | 94 | 121.50 | 1 | 2 |
World and Other Literature | 0 | 1 | 0 | 0 | 10 | 157 | 157.00 | 0 | 1 |
British and Commonwealth History | 0 | 1 | 0 | 0 | 10 | 129 | 129.00 | 0 | 1 |
Other Arts: Auditory | 0 | 1 | 0 | 0 | 10 | 109 | 109.00 | 0 | 1 |
Science - Physics | 0 | 1 | 0 | 0 | 10 | 130 | 130.00 | 0 | 1 |
Fine Arts - Auditory Fine Arts | 0 | 1 | 1 | 1 | 5 | 102 | 102.00 | 0 | 1 |
Other Arts: Visual | 0 | 0 | 1 | 0 | -5 | 0.00 | 0 | 0 | |
Social Science | 0 | 0 | 1 | 0 | -5 | 0.00 | 0 | 0 |